• 首页
  • 本馆介绍
  • 公告通知
  • 最新文献
  • 馆藏检索
  • 电子资源
  • 读者导购
  • 参考咨询
  • 我的图书馆
  • 登录
  • 详细信息显示
  • 放入我的书架
  • 预约/预借图书
  • 作者相关作品
  • 分类相关作品
  • 丛书相关作品
  • 出版社相关作品

书目信息

  • 表格格式
  • 工作单格式
  • 卡片格式
书名: Physical fluid dynamics
作者: D. J. Tritton.
分册号:
分册名:
出版地: Wokingham, Eng. :
 
出版社: Van Nostrand Reinhold Co
出版时间: 1977.
页数: xv, 362 p. :
开本: 24 cm.
丛书名: The Modern university physics series
中图分类号:
科图分类号:
其他分类号: H31:O35
主题词:
电子资源:
000 00621nam 22000217i 450
001 0299089029
005 20070209170115.78
008 831104m1977 u y a b 001 0
020    @a0442301316.
041    @aeng
090    @aO35
090    @aH31:O35
099    @dH31:O35@ex1
100 1  @aTritton@cD. J.
245 10 @aPhysical fluid dynamics / @cD. J. Tritton.
260 1  @aWokingham, Eng. :@bVan Nostrand Reinhold Co.,@c1977.
300    @axv, 362 p. :@bill. ;@c24 cm.
440  0 @aThe Modern university physics series
500    @aIncludes index.
504    @aBibliography: p. [346]-353.
650  4 @aFluid dynamics.
    
    Physical fluid dynamics / / D. J. Tritton.-Wokingham, Eng. : : Van Nostrand Reinhold Co., , 1977.
    xv, 362 p. : : ill. ; ; 24 cm.- (The Modern university physics series )
    Includes index.-Bibliography: p. [346]-353.
    
    ISBN 0442301316.
    
●
相关链接 在E读中查询图书 在五车中查询图书 在当当中查询图书 在豆瓣中查询图书


正题名:Physical fluid dynamics     索取号:H31:O35/x1         预约/预借

序号 登录号 条形码 馆藏地/架位号 状态 备注
1 03237   000453208   第四借阅区/ [索取号:H31:O35/x1] 在馆    
唐山师范学院图书馆 欢迎您!
大连网信软件有限公司© 版权所有